|
|
|
|
| LEADER |
01115nam a2200301 a 4500 |
| 001 |
000453942 |
| 003 |
CZ BrMZK |
| 005 |
20070709154755.0 |
| 007 |
ta |
| 008 |
990315s1999 xr e p cze d |
| 020 |
|
|
|a 80-86122-50-6
|
| 040 |
|
|
|a BOA001
|b cze
|
| 072 |
|
7 |
|a 657
|x Účetnictví
|2 Konspekt
|9 4
|
| 072 |
|
7 |
|a 37.016
|x Učební osnovy. Vyučovací předměty. Učebnice
|2 Konspekt
|9 22
|
| 080 |
|
|
|a 657:005
|2 MRF
|
| 080 |
|
|
|a (075.8)
|2 MRF
|
| 100 |
1 |
|
|a Lazar, Jaromír
|7 jn20010309817
|4 aut
|
| 245 |
1 |
0 |
|a Vnitropodnikové účetnictví.
|n [Díl] 1 /
|c Jaromír Lazar
|
| 250 |
|
|
|a 1. vyd.
|
| 260 |
|
|
|a Ostrava :
|b Repronis,
|c 1999
|
| 300 |
|
|
|a 120 s. ;
|c 29 cm
|
| 500 |
|
|
|a Určeno pro posl. ekon. fak. Vys. šk. báňské
|
| 650 |
0 |
7 |
|a manažerské účetnictví
|7 ph115220
|2 czenas
|
| 655 |
|
7 |
|a učebnice vysokých škol
|7 fd133772
|2 czenas
|
| 710 |
2 |
|
|a Vysoká škola báňská - Technická univerzita Ostrava.
|b Ekonomická fakulta
|7 kn20010709388
|
| 910 |
|
|
|a BOA001
|b 4-1066.605,1
|
| 990 |
|
|
|a BK
|
| 996 |
6 |
|
|b 2610105605
|c 4-1066.605,1
|l MZK
|r Sklad / do 1 hodiny
|n 13
|p p.v.
|w 000453942
|u 000010
|a 1
|e BOA001
|j MZK50
|s P
|